000 00777cam a2200265 4500500
005 20260405001702.0
041 _afre
042 _adc
100 1 0 _aEltchaninoff, Michel
_eauthor
245 0 0 _aLe décisionnisme moral de François Hollande
260 _c2014.
500 _a6
690 _aAfrique
690 _aAutorité
690 _aCarl Schmitt
690 _aCentrafrique
690 _aFrançois Hollande
690 _aInternational
690 _aInterventionnisme
690 _aPolitique étrangère
690 _aPrésidence
690 _aSouveraineté
786 0 _nPhilosophie magazine | 76 | 2 | 2014-02-01 | p. 5-5 | 1951-1787
856 4 1 _uhttps://shs.cairn.info/magazine-philosophie-magazine-2014-2-page-5?lang=fr&redirect-ssocas=7080
999 _c2050023
_d2050023